000 00323nam a22001337a 4500
008 170524b xxu||||| |||| 00| 0 eng d
020 _a0127784500
041 _aeng
080 _a621.3
100 _a26
101 _aIM
245 _aMULTIFACETTED MODELLING AND DISCRETE EVENT SIMULATION
_cZEIGLER, B.P
942 _2udc
_cBK
999 _c14106
_d14106